000 00241nam a22001097a 4500
003 OSt
008 250117b |||||||| |||| 00| 0 eng d
041 _aeng
100 _aUSDA
_92298
245 _aManual Conservation Soil and Water
942 _cBK
999 _c19052
_d19052